[Event "Oberliga Ost-B 1415"]
[Site "Germany"]
[Date "2015.02.22"]
[Round "8.2"]
[White "Koelsch, Maximilian"]
[Black "Lubbe, Melanie"]
[Result "1/2-1/2"]
[WhiteElo "2223"]
[BlackElo "2301"]
[PlyCount "86"]
[EventDate "2014.09.21"]
[EventType "team-tourn"]
[EventRounds "11"]
[EventCountry "GER"]
[SourceTitle "EXT 2016"]
[Source "ChessBase"]
[SourceDate "2015.10.08"]
[SourceVersion "1"]
[SourceVersionDate "2015.10.08"]
[SourceQuality "1"]
[WhiteTeam "Jena Schott"]
[BlackTeam "Neuberg"]
[WhiteTeamCountry "GER"]
[BlackTeamCountry "GER"]

1. d4 Nf6 2. c4 g6 3. Nc3 Bg7 4. g3 0-0 5. Bg2 d6 6. Nf3 c6 7. 0-0 Bf5 8. h3 Ne4 9. Nh4 Nxc3 10. bxc3 Be6 11. Rb1 Qc8 12. Qd3 b6 13. f4 Bxh3 14. f5 Bxg2 15. Kxg2 Nd7 16. g4 c5 17. Bg5 Qb7+ 18. Rf3 cxd4 19. cxd4 Nf6 20. Bxf6 Bxf6 21. fxg6 fxg6 22. Rh1 Bxh4 23. Rxh4 Rxf3 24. exf3 e5 25. dxe5 dxe5 26. Rh1 Qf7 27. Re1 Re8 28. Re4 Qe6 29. Kg3 Re7 30. a4 a5 31. c5 bxc5 32. Qd8+ Kg7 33. Qxa5 Qd5 34. Qc3 Kf6 35. a5 h5 36. Qe3 hxg4 37. Rxg4 Qd6 38. Qh6 Rg7 39. Qg5+ Ke6 40. Re4 Kd5 41. Re2 Kc6 42. Rd2 Qe7 43. Qg4 Kc7 1/2-1/2

[Event "Oberliga Ost-B 1415"]
[Site "Germany"]
[Date "2015.02.21"]
[Round "9.1"]
[White "Koelsch, Maximilian"]
[Black "Donchenko, Anatoly G"]
[Result "0-1"]
[WhiteElo "2223"]
[BlackElo "2350"]
[PlyCount "70"]
[EventDate "2014.09.21"]
[EventType "team-tourn"]
[EventRounds "11"]
[EventCountry "GER"]
[SourceTitle "EXT 2016"]
[Source "ChessBase"]
[SourceDate "2015.10.08"]
[SourceVersion "1"]
[SourceVersionDate "2015.10.08"]
[SourceQuality "1"]
[WhiteTeam "Jena Schott"]
[BlackTeam "Giessen"]
[WhiteTeamCountry "GER"]
[BlackTeamCountry "GER"]

1. Nf3 Nf6 2. c4 e6 3. g3 b6 4. Bg2 Bb7 5. 0-0 c5 6. b3 Be7 7. Bb2 0-0 8. Re1 d5 9. cxd5 Nxd5 10. Na3 Nc6 11. Nc4 Bf6 12. e4 Ndb4 13. e5 Be7 14. d4 Nxd4 15. Bxd4 cxd4 16. a3 Nc6 17. Re2 b5 18. Nb2 Qb6 19. Rd2 Rfd8 20. Nd3 Rac8 21. b4 a5 22. Rb1 axb4 23. axb4 h6 24. Qe2 Bf8 25. Nc5 Ba8 26. Ne1 Nxb4 27. Rxb4 Rxc5 28. Bxa8 Rxa8 29. Rbxd4 Rc1 30. Kg2 Qc6+ 31. Kh3 Rc4 32. Nf3 Rb8 33. Rb2 Rc8 34. Rdd2 b4 35. Ne1 Re4 0-1

[Event "Oberliga Ost-B 1415"]
[Site "Germany"]
[Date "2014.10.19"]
[Round "3.1"]
[White "Koelsch, Maximilian"]
[Black "Grafl, Florian"]
[Result "0-1"]
[WhiteElo "2223"]
[BlackElo "2416"]
[PlyCount "39"]
[EventDate "2014.09.21"]
[EventType "team-tourn"]
[EventRounds "11"]
[EventCountry "GER"]
[SourceTitle "EXT 2016"]
[Source "ChessBase"]
[SourceDate "2015.10.08"]
[SourceVersion "1"]
[SourceVersionDate "2015.10.08"]
[SourceQuality "1"]
[WhiteTeam "Jena Schott"]
[BlackTeam "Kassel"]
[WhiteTeamCountry "GER"]
[BlackTeamCountry "GER"]

1. d4 f5 2. g3 Nf6 3. Bg2 e6 4. Nh3 Be7 5. 0-0 0-0 6. Nd2 d5 7. Nf3 c5 8. c3 b5 9. Nf4 a5 10. Qb3 c4 11. Qc2 b4 12. h4 Ne4 13. Ne5 Bd6 14. Kh2 Qc7 15. f3 Nf6 16. Nh3 Nbd7 17. f4 Ne4 18. Bxe4 dxe4 19. cxb4 axb4 20. Qxc4 0-1

[Event "Oberliga Ost-B 1314"]
[Site "Germany"]
[Date "2014.03.16"]
[Round "9.1"]
[White "Koelsch, Maximilian"]
[Black "Zuyev, Igor"]
[Result "1/2-1/2"]
[WhiteElo "2205"]
[BlackElo "2345"]
[PlyCount "62"]
[EventDate "2013.10.13"]
[EventType "team-tourn"]
[EventRounds "11"]
[EventCountry "GER"]
[SourceTitle "EXT 2015"]
[Source "ChessBase"]
[SourceDate "2014.11.20"]
[SourceVersion "1"]
[SourceVersionDate "2014.11.20"]
[SourceQuality "1"]
[WhiteTeam "Jena"]
[BlackTeam "Heusenstamm"]
[WhiteTeamCountry "GER"]
[BlackTeamCountry "GER"]

1. b3 d5 2. Bb2 Bg4 3. d4 Nc6 4. Nd2 e6 5. Ngf3 Bf5 6. a3 Nf6 7. e3 Bd6 8. c4 0-0 9. Be2 a5 10. 0-0 Ne4 11. c5 Be7 12. Nxe4 Bxe4 13. Bc3 Qd7 14. Bb5 f6 15. Nd2 Bg6 16. Qg4 b6 17. Rfc1 bxc5 18. dxc5 Rfb8 19. Ba4 Bf5 20. Qf3 Bd3 21. Bxc6 Qxc6 22. b4 Qd7 23. e4 dxe4 24. Nxe4 axb4 25. axb4 Qd5 26. Nd2 Qxf3 27. Nxf3 e5 28. Nd2 Kf7 29. f3 Bb5 30. Nb3 c6 31. g3 Rd8 1/2-1/2

[Event "Oberliga Ost-B 1314"]
[Site "Germany"]
[Date "2013.12.15"]
[Round "5.1"]
[White "Koelsch, Maximilian"]
[Black "Margolin, Boris"]
[Result "1-0"]
[WhiteElo "2205"]
[BlackElo "2419"]
[PlyCount "161"]
[EventDate "2013.10.13"]
[EventType "team-tourn"]
[EventRounds "11"]
[EventCountry "GER"]
[SourceTitle "EXT 2015"]
[Source "ChessBase"]
[SourceDate "2014.11.20"]
[SourceVersion "1"]
[SourceVersionDate "2014.11.20"]
[SourceQuality "1"]
[WhiteTeam "Jena"]
[BlackTeam "Oberursel"]
[WhiteTeamCountry "GER"]
[BlackTeamCountry "GER"]

1. Nf3 c5 2. c4 b6 3. e4 Bb7 4. Nc3 Nf6 5. e5 Ng8 6. Bd3 g6 7. 0-0 Bg7 8. Re1 Nh6 9. Be4 Bxe4 10. Rxe4 0-0 11. d4 cxd4 12. Nxd4 Nc6 13. Bf4 Kh8 14. Qd2 Nf5 15. Nxf5 gxf5 16. Re3 d6 17. Rd3 Bxe5 18. Re1 Bg7 19. Ree3 Rg8 20. Rh3 f6 21. Rh5 Bf8 22. Rdh3 Rg7 23. Bh6 Rf7 24. Qd5 Ne5 25. f4 e6 26. Qxe6 Qd7 27. Qxd7 Nxd7 28. Bxf8 Nxf8 29. Rxf5 Rc8 30. b3 Re8 31. Kf2 Ng6 32. Rd3 Re6 33. g3 Ne7 34. Rb5 f5 35. a4 Nc6 36. Re3 Rxe3 37. Kxe3 Rf6 38. Ne2 Rh6 39. Rd5 Re6+ 40. Kf2 Kg7 41. Nd4 Nxd4 42. Rxd4 Rh6 43. Kg2 Re6 44. Rd3 Kf7 45. h3 Re2+ 46. Kf3 Rb2 47. g4 Ke6 48. Kg3 h6 49. Kh4 fxg4 50. hxg4 Rf2 51. Re3+ Kf7 52. Kg3 Rf1 53. f5 Rg1+ 54. Kf4 Rf1+ 55. Rf3 Re1 56. Rh3 Kg7 57. Rd3 Rf1+ 58. Ke4 Re1+ 59. Kd5 Rg1 60. Rd4 Rb1 61. Rd3 Rg1 62. Kxd6 Rxg4 63. Ke5 h5 64. Rd7+ Kg8 65. Rxa7 h4 66. a5 bxa5 67. Rxa5 h3 68. Ra1 h2 69. Rh1 Rh4 70. c5 Kf7 71. b4 Rxb4 72. Rxh2 Rb1 73. Rh7+ Ke8 74. c6 Kd8 75. c7+ Kc8 76. Re7 Rb6 77. f6 Rb1 78. f7 Re1+ 79. Kf6 Rf1+ 80. Kg7 Rg1+ 81. Kf8 1-0

[Event "Oberliga Ost-B 1314"]
[Site "Germany"]
[Date "2013.11.10"]
[Round "3.2"]
[White "Goreacinic, Dmitri"]
[Black "Koelsch, Maximilian"]
[Result "1-0"]
[WhiteElo "2286"]
[BlackElo "2205"]
[PlyCount "153"]
[EventDate "2013.10.13"]
[EventType "team-tourn"]
[EventRounds "11"]
[EventCountry "GER"]
[SourceTitle "EXT 2015"]
[Source "ChessBase"]
[SourceDate "2014.11.20"]
[SourceVersion "1"]
[SourceVersionDate "2014.11.20"]
[SourceQuality "1"]
[WhiteTeam "Offenbach"]
[BlackTeam "Jena"]
[WhiteTeamCountry "GER"]
[BlackTeamCountry "GER"]

1. d4 d5 2. c4 c6 3. Nc3 Nf6 4. Nf3 a6 5. Ne5 e6 6. Bg5 h6 7. Bh4 Be7 8. e3 Nbd7 9. f4 g5 10. Bg3 Ne4 11. Bd3 Nxe5 12. fxe5 Nxc3 13. bxc3 Qa5 14. Qb3 dxc4 15. Bxc4 c5 16. 0-0 h5 17. a4 Rb8 18. d5 h4 19. Be1 Rh6 20. Ra2 Bd7 21. e4 Qd8 22. Raf2 b5 23. d6 bxc4 24. Qxc4 Rh7 25. dxe7 Qc7 26. Qxa6 Qxe5 27. Qa7 Rc8 28. Rd2 Qc7 29. Qa6 Qc6 30. Qd3 Kxe7 31. e5 Rg7 32. a5 c4 33. Qd6+ Qxd6 34. exd6+ Ke8 35. Bf2 f5 36. Re1 Rg6 37. Bb6 Bc6 38. Rd4 Kd7 39. Bc7 Bd5 40. a6 Rgg8 41. a7 Rxc7 42. dxc7 Kxc7 43. Rd2 g4 44. g3 h3 45. Kf2 Kb7 46. Rb2+ Ka8 47. Reb1 Rg7 48. Ke3 Be4 49. Ra1 Rxa7 50. Rxa7+ Kxa7 51. Kd4 Bd5 52. Kc5 Ka6 53. Rb1 Ka7 54. Rb6 Ka8 55. Kd6 Ka7 56. Kc7 f4 57. gxf4 g3 58. hxg3 Bg2 59. Rb1 Ka6 60. Kd6 h2 61. Kxe6 Be4 62. Ra1+ Kb5 63. f5 Kc5 64. f6 h1Q 65. Rxh1 Bxh1 66. f7 Bd5+ 67. Ke7 Bxf7 68. Kxf7 Kd5 69. g4 Ke4 70. g5 Kd3 71. g6 Kxc3 72. g7 Kb2 73. g8Q c3 74. Qb8+ Kc1 75. Qf4+ Kb1 76. Qb4+ Kc2 77. Ke6 1-0

[Event "Oberliga Ost-B 1213"]
[Site "Germany"]
[Date "2013.04.14"]
[Round "11.1"]
[White "Strache, Michael"]
[Black "Koelsch, Maximilian"]
[Result "1-0"]
[WhiteElo "2309"]
[BlackElo "2220"]
[PlyCount "79"]
[EventDate "2012.09.30"]
[EventType "team-tourn"]
[EventRounds "11"]
[EventCountry "GER"]
[SourceTitle "EXT 2014"]
[Source "ChessBase"]
[SourceDate "2013.11.20"]
[SourceVersion "1"]
[SourceVersionDate "2013.11.20"]
[SourceQuality "1"]
[WhiteTeam "Sangerhausen"]
[BlackTeam "Jena Schott"]
[WhiteTeamCountry "GER"]
[BlackTeamCountry "GER"]

1. e4 c5 2. Nf3 e6 3. c4 a6 4. Nc3 Qc7 5. Be2 b6 6. 0-0 Bb7 7. Re1 d6 8. d4 cxd4 9. Nxd4 Nd7 10. a4 Ngf6 11. a5 Be7 12. Bf1 0-0 13. Nb3 Rab8 14. Bf4 bxa5 15. Nxa5 Ba8 16. Qd2 Ne5 17. h3 Rfd8 18. b4 Nh5 19. Bh2 Rxb4 20. Nd5 exd5 21. Qxb4 Rb8 22. Qd2 dxe4 23. c5 Qxc5 24. Rec1 Qd5 25. Qe2 Nd3 26. Rc4 Bf6 27. Raa4 Nc5 28. Rab4 Rd8 29. Rc2 Nd3 30. Ra4 g6 31. Nc4 Nhf4 32. Bxf4 Nxf4 33. Qg4 Nd3 34. Ne3 Qb5 35. Rxe4 Bxe4 36. Qxe4 Nc5 37. Qf3 Qa4 38. Qxf6 Re8 39. Bc4 Qa1+ 40. Qxa1 1-0

[Event "Oberliga Ost-B 1213"]
[Site "Germany"]
[Date "2013.02.02"]
[Round "6.1"]
[White "Koelsch, Maximilian"]
[Black "Lubbe, Nikolas"]
[Result "0-1"]
[WhiteElo "2220"]
[BlackElo "2410"]
[PlyCount "50"]
[EventDate "2012.09.30"]
[EventType "team-tourn"]
[EventRounds "11"]
[EventCountry "GER"]
[SourceTitle "EXT 2014"]
[Source "ChessBase"]
[SourceDate "2013.11.20"]
[SourceVersion "1"]
[SourceVersionDate "2013.11.20"]
[SourceQuality "1"]
[WhiteTeam "Jena Schott"]
[BlackTeam "Neuberg"]
[WhiteTeamCountry "GER"]
[BlackTeamCountry "GER"]

1. Nf3 d5 2. g3 Nf6 3. Bg2 Nc6 4. d4 Bf5 5. 0-0 e6 6. Bf4 h6 7. c4 dxc4 8. Qa4 Nd7 9. Ne5 Ncxe5 10. Bxe5 c6 11. Qxc4 Nb6 12. Qb3 f6 13. e4 Bg4 14. h3 Be2 15. Qxe6+ Be7 16. Re1 Bc4 17. d5 fxe5 18. b3 Ba6 19. Qg6+ Kf8 20. Nc3 Qd6 21. Qg4 h5 22. Qf3+ Kg8 23. dxc6 Rf8 24. Qe3 bxc6 25. Rac1 Qh6 0-1

[Event "Oberliga Ost-B 1213"]
[Site "Germany"]
[Date "2012.11.10"]
[Round "2.1"]
[White "Koelsch, Maximilian"]
[Black "Luther, Thomas"]
[Result "0-1"]
[WhiteElo "2220"]
[BlackElo "2535"]
[PlyCount "66"]
[EventDate "2012.09.30"]
[EventType "team-tourn"]
[EventRounds "11"]
[EventCountry "GER"]
[SourceTitle "EXT 2014"]
[Source "ChessBase"]
[SourceDate "2013.11.20"]
[SourceVersion "1"]
[SourceVersionDate "2013.11.20"]
[SourceQuality "1"]
[WhiteTeam "Jena Schott"]
[BlackTeam "Erfurt Empor"]
[WhiteTeamCountry "GER"]
[BlackTeamCountry "GER"]

1. Nf3 d5 2. c4 e6 3. g3 dxc4 4. Qa4+ Nd7 5. Bg2 a6 6. Qxc4 b5 7. Qc2 Bb7 8. 0-0 Ngf6 9. d3 Be7 10. Nbd2 c5 11. a4 0-0 12. Nb3 Rc8 13. axb5 axb5 14. Na5 Ba8 15. Bd2 Qb6 16. Rfc1 h6 17. b4 Ng4 18. h3 cxb4 19. Qxc8 Qxf2+ 20. Kh1 Bxf3 21. exf3 Rxc8 22. Rxc8+ Kh7 23. fxg4 Qxd2 24. Be4+ f5 25. gxf5 Nf6 26. Nb3 Qe3 27. Raa8 exf5 28. Bxf5+ g6 29. Bg4 h5 30. Rc7 hxg4 31. Raa7 Qe1+ 32. Kh2 Qf2+ 33. Kh1 gxh3 0-1

[Event "Oberliga Ost-B 1112"]
[Site "Germany"]
[Date "2012.04.15"]
[Round "11.2"]
[White "Goreacinic, Dmitri"]
[Black "Koelsch, Maximilian"]
[Result "1-0"]
[WhiteElo "2317"]
[BlackElo "2194"]
[PlyCount "53"]
[EventDate "2011.10.02"]
[EventType "team-tourn"]
[EventRounds "11"]
[EventCountry "GER"]
[SourceTitle "EXT 2013"]
[Source "ChessBase"]
[SourceDate "2012.11.22"]
[SourceVersion "1"]
[SourceVersionDate "2012.11.22"]
[SourceQuality "1"]
[WhiteTeam "Offenbach"]
[BlackTeam "Jena Schott"]
[WhiteTeamCountry "GER"]
[BlackTeamCountry "GER"]

1. d4 d5 2. c4 c6 3. Nc3 Nf6 4. Nf3 a6 5. Ne5 e6 6. Bg5 Be7 7. e3 0-0 8. Bd3 b5 9. c5 h6 10. Bf4 Nfd7 11. Qg4 Nxe5 12. Bxe5 Bf6 13. f4 Bxe5 14. fxe5 Qg5 15. Qxg5 hxg5 16. h4 gxh4 17. Rxh4 f5 18. 0-0-0 Kf7 19. g4 Ra7 20. Rh7 Ke8 21. Rg1 Rg8 22. Ne2 Rf7 23. gxf5 exf5 24. Rg6 Re7 25. Nf4 Kf7 26. Be2 Bd7 27. Rd6 1-0

[Event "Dresden ZMD op"]
[Site "Dresden"]
[Date "2010.07.15"]
[Round "6"]
[White "Koelsch, Maximilian"]
[Black "Miezis, Normunds"]
[Result "0-1"]
[WhiteElo "2178"]
[BlackElo "2518"]
[PlyCount "74"]
[EventDate "2010.07.10"]
[EventType "swiss"]
[EventRounds "9"]
[EventCountry "GER"]
[SourceTitle "CBM 137 Extra"]
[Source "ChessBase"]
[SourceDate "2010.09.01"]
[SourceVersion "1"]
[SourceVersionDate "2010.09.01"]
[SourceQuality "1"]

1. Nf3 c5 2. c4 Nc6 3. Nc3 g6 4. d4 cxd4 5. Nxd4 Bg7 6. Nc2 d6 7. e4 f5 8. exf5 Bxf5 9. Ne3 Bd7 10. Bd3 Nf6 11. 0-0 0-0 12. Re1 Qb6 13. Rb1 Rae8 14. Bf1 Kh8 15. b3 Ne5 16. Qe2 Bc6 17. Kh1 Ne4 18. Ncd1 Nc5 19. Bb2 Ned3 20. Bxg7+ Kxg7 21. b4 Nxe1 22. Qb2+ Kg8 23. bxc5 Qxb2 24. Rxb2 dxc5 25. f3 e5 26. Kg1 e4 27. Kf2 Nd3+ 28. Bxd3 exd3 29. Rd2 Rd8 30. Nb2 Rd4 31. Rxd3 Rfd8 32. Rxd4 Rxd4 33. Ke2 b5 34. Nd3 bxc4 35. Nxc5 c3 36. Nb3 Bb5+ 37. Ke1 Rd3 0-1

[Event "Dresden ZMD op"]
[Site "Dresden"]
[Date "2010.07.14"]
[Round "5"]
[White "Opitz, Christian"]
[Black "Koelsch, Maximilian"]
[Result "0-1"]
[WhiteElo "2020"]
[BlackElo "2178"]
[PlyCount "42"]
[EventDate "2010.07.10"]
[EventType "swiss"]
[EventRounds "9"]
[EventCountry "GER"]
[SourceTitle "CBM 137 Extra"]
[Source "ChessBase"]
[SourceDate "2010.09.01"]
[SourceVersion "1"]
[SourceVersionDate "2010.09.01"]
[SourceQuality "1"]

1. e4 c5 2. Nf3 Nc6 3. d4 cxd4 4. Nxd4 Nf6 5. Nxc6 bxc6 6. Bd3 d6 7. 0-0 g6 8. Nd2 Bg7 9. Nf3 Nd7 10. c3 0-0 11. Bf4 Rb8 12. Rb1 h6 13. Be3 Qc7 14. Re1 Kh7 15. h4 Nf6 16. Qc1 e5 17. Nh2 d5 18. Bc5 Rd8 19. Qe3 dxe4 20. Bxe4 Nxe4 21. Qxe4 Bf5 0-1

[Event "Dresden ZMD op"]
[Site "Dresden"]
[Date "2010.07.13"]
[Round "4"]
[White "Koelsch, Maximilian"]
[Black "Iotov, Valentin Dimitrov"]
[Result "0-1"]
[WhiteElo "2178"]
[BlackElo "2581"]
[PlyCount "64"]
[EventDate "2010.07.10"]
[EventType "swiss"]
[EventRounds "9"]
[EventCountry "GER"]
[SourceTitle "CBM 137 Extra"]
[Source "ChessBase"]
[SourceDate "2010.09.01"]
[SourceVersion "1"]
[SourceVersionDate "2010.09.01"]
[SourceQuality "1"]

1. Nf3 c5 2. b3 Nc6 3. Bb2 d6 4. e3 e5 5. d4 cxd4 6. exd4 e4 7. Nfd2 d5 8. c4 Nf6 9. Nc3 Bg4 10. f3 exf3 11. gxf3 Be6 12. Bg2 Nxd4 13. Nxd5 Nxd5 14. cxd5 Qxd5 15. 0-0 Nf5 16. Ne4 Be7 17. f4 Qa5 18. Qe1 Qb6+ 19. Kh1 Ne3 20. Rg1 f6 21. Bf3 0-0 22. Rc1 Rf7 23. Qf2 Nf5 24. Qe1 Rd8 25. Rc2 Rd3 26. Qe2 Re3 27. Qf2 Rd3 28. Bg2 Ne3 29. Rd2 Rxd2 30. Qxd2 Nxg2 31. Rxg2 Qc6 32. Nc3 Bh3 0-1

[Event "Dresden ZMD op"]
[Site "Dresden"]
[Date "2010.07.11"]
[Round "2"]
[White "Wiesner, Paula"]
[Black "Koelsch, Maximilian"]
[Result "0-1"]
[WhiteElo "1840"]
[BlackElo "2178"]
[PlyCount "58"]
[EventDate "2010.07.10"]
[EventType "swiss"]
[EventRounds "9"]
[EventCountry "GER"]
[SourceTitle "CBM 137 Extra"]
[Source "ChessBase"]
[SourceDate "2010.09.01"]
[SourceVersion "1"]
[SourceVersionDate "2010.09.01"]
[SourceQuality "1"]

1. e4 c5 2. c3 d6 3. d4 Nf6 4. dxc5 Nc6 5. cxd6 e5 6. Bd3 Qxd6 7. Nf3 Bg4 8. 0-0 0-0-0 9. Bc2 Qxd1 10. Rxd1 Rxd1+ 11. Bxd1 Nxe4 12. h3 Bh5 13. Be3 Bc5 14. Bxc5 Nxc5 15. g4 Bg6 16. Na3 Nd3 17. b3 Nf4 18. Kh2 Rd8 19. c4 Rd3 20. Ng1 Rd2 21. Kg3 Nd4 22. g5 Nf5+ 23. Kg4 h5+ 24. gxh6 Nxh6+ 25. Kg3 Nf5+ 26. Kg4 Rxf2 27. Bf3 Kd7 28. Nb5 Ke7 29. Nxa7 Kf6 0-1

[Event "Oberliga Nord N 0910"]
[Site "Germany"]
[Date "2010.02.28"]
[Round "7.3"]
[White "Mach, Holger"]
[Black "Koelsch, Maximilian"]
[Result "1-0"]
[WhiteElo "2253"]
[BlackElo "2074"]
[PlyCount "75"]
[EventDate "2009.10.18"]
[EventType "team-tourn"]
[EventRounds "9"]
[EventCountry "GER"]
[SourceTitle "EXT 2011"]
[Source "ChessBase"]
[SourceDate "2010.11.26"]
[SourceVersion "1"]
[SourceVersionDate "2010.11.26"]
[SourceQuality "1"]
[WhiteTeam "Hamburg Diogenes"]
[BlackTeam "Luebeck"]
[WhiteTeamCountry "GER"]
[BlackTeamCountry "GER"]

1. e4 c5 2. Nc3 e6 3. Nf3 a6 4. d4 cxd4 5. Nxd4 b5 6. Bd3 Qb6 7. Nb3 Qc7 8. 0-0 Nf6 9. f4 b4 10. Nb1 d6 11. Qe2 Nbd7 12. a3 Bb7 13. axb4 d5 14. exd5 Nxd5 15. f5 Qb6+ 16. Kh1 Nxb4 17. Be4 Nd5 18. fxe6 fxe6 19. Qh5+ g6 20. Qf3 Bd6 21. Qf7+ Kd8 22. Bg5+ Kc7 23. N1d2 Raf8 24. Qxe6 Re8 25. Qh3 Ne5 26. c4 Bc8 27. Qh4 h6 28. Bf6 g5 29. c5 Bxc5 30. Bxe5+ Rxe5 31. Qg3 Bd6 32. Bxd5 Re3 33. Rf7+ Kb8 34. Nc4 Bxg3 35. Nxb6 Rd3 36. Na5 Bc7 37. Nc6+ Kb7 38. Nb4+ 1-0

[Event "GER-chT Lands U20"]
[Site "Dresden"]
[Date "2008.11.18"]
[Round "7.1"]
[White "Koelsch, Maximilian"]
[Black "Fink, Leander"]
[Result "1/2-1/2"]
[WhiteElo "2129"]
[BlackElo "2069"]
[PlyCount "103"]
[EventDate "2008.11.14"]
[EventType "team-swiss"]
[EventRounds "7"]
[EventCountry "GER"]
[SourceTitle "EXT 2010"]
[Source "ChessBase"]
[SourceDate "2010.11.25"]
[SourceVersion "1"]
[SourceVersionDate "2010.11.25"]
[SourceQuality "1"]
[WhiteTeam "Schleswig Holstein"]
[BlackTeam "Hessen II"]
[WhiteTeamCountry "GER"]
[BlackTeamCountry "GER"]

1. g3 Nf6 2. Bg2 g6 3. d4 d6 4. Nf3 Bg7 5. 0-0 0-0 6. c4 Nc6 7. Nc3 a6 8. d5 Na5 9. Qd3 c5 10. Rb1 b5 11. cxb5 axb5 12. b4 cxb4 13. Rxb4 Nd7 14. Nxb5 Nc5 15. Qc2 Rb8 16. a4 Bf5 17. e4 Bd7 18. Be3 Na6 19. Rbb1 Rc8 20. Qa2 Nc4 21. Bd4 Bxd4 22. Nfxd4 Qa5 23. Na7 Nb4 24. Qa1 Nc2 25. Nxc2 Qxa7 26. Rb4 Ne5 27. Ne3 Nd3 28. Rd4 Nc1 29. Rc4 Nb3 30. Qb2 Rb8 31. Qc3 Nc5 32. e5 Bc8 33. exd6 exd6 34. Rc1 Qe7 35. h4 Ba6 36. Ng4 f6 37. Re1 Qg7 38. Rb4 Rxb4 39. Qxb4 Nd3 40. Qxd6 Nxe1 41. Qe6+ Kh8 42. Qxe1 Qd7 43. Qb4 Kg7 44. h5 Rd8 45. Qf4 Qf5 46. Qh6+ Kg8 47. hxg6 hxg6 48. Qh4 Kg7 49. Be4 Qg5 50. Qxg5 fxg5 51. Ne3 Bb7 52. Kf1 1/2-1/2

[Event "GER-ch U18"]
[Site "Willingen"]
[Date "2008.05.16"]
[Round "8"]
[White "Dann, Matthias"]
[Black "Koelsch, Maximilian"]
[Result "1-0"]
[WhiteElo "2147"]
[BlackElo "2098"]
[PlyCount "129"]
[EventDate "2008.05.11"]
[EventType "swiss"]
[EventRounds "9"]
[EventCountry "GER"]
[SourceTitle "CBM 124 Extra"]
[Source "ChessBase"]
[SourceDate "2008.07.03"]
[SourceVersion "1"]
[SourceVersionDate "2008.07.03"]
[SourceQuality "1"]

1. e4 c5 2. Nf3 e6 3. d4 cxd4 4. Nxd4 a6 5. Nc3 Qc7 6. Bd3 Nc6 7. Nxc6 dxc6 8. 0-0 e5 9. f4 Bd6 10. f5 g6 11. Kh1 b5 12. Bg5 Be7 13. Bxe7 Qxe7 14. Qf3 g5 15. a4 b4 16. Nd1 Nf6 17. Ne3 h6 18. Nc4 Nd7 19. f6 Qc5 20. Qg3 Kd8 21. Rad1 Re8 22. Be2 Kc7 23. Nd6 Re6 24. Nxc8 Rxc8 25. Bg4 Rce8 26. Bxe6 Rxe6 27. Qd3 Rd6 28. Qxa6 Rd4 29. Rxd4 Qxd4 30. Qd3 Qxd3 31. cxd3 Nc5 32. Rd1 Nxa4 33. Ra1 Nxb2 34. Ra7+ Kd6 35. Rxf7 Ke6 36. Rb7 Kxf6 37. Rxb4 Nxd3 38. Rb6 Nf2+ 39. Kg1 Nxe4 40. Rxc6+ Kg7 41. Re6 Nf6 42. Rxe5 Kg6 43. Ra5 h5 44. Kf2 Ng4+ 45. Kg3 Ne3 46. Kf3 Nf1 47. h3 Nd2+ 48. Ke2 Ne4 49. Ke3 Ng3 50. Kf3 h4 51. Kg4 Ne4 52. Rb5 Nf6+ 53. Kf3 Kh6 54. Ke3 Kg6 55. Ra5 Nh5 56. Ke4 Ng3+ 57. Ke5 Kg7 58. Ke6 Kg6 59. Ra8 Ne4 60. Ke5 Ng3 61. Rg8+ Kh5 62. Kf6 Ne4+ 63. Kf5 Nd6+ 64. Ke5 Nc4+ 65. Kf6 1-0

[Event "GER-ch U18"]
[Site "Willingen"]
[Date "2008.05.12"]
[Round "3"]
[White "Tereick, Benjamin"]
[Black "Koelsch, Maximilian"]
[Result "1-0"]
[WhiteElo "2379"]
[BlackElo "2098"]
[PlyCount "190"]
[EventDate "2008.05.11"]
[EventType "swiss"]
[EventRounds "9"]
[EventCountry "GER"]
[SourceTitle "CBM 124 Extra"]
[Source "ChessBase"]
[SourceDate "2008.07.03"]
[SourceVersion "1"]
[SourceVersionDate "2008.07.03"]
[SourceQuality "1"]

1. Nf3 c5 2. c4 Nc6 3. d4 cxd4 4. Nxd4 Nf6 5. g3 e6 6. Bg2 Bc5 7. Nb3 Be7 8. Nc3 d6 9. 0-0 a6 10. Bf4 0-0 11. Rc1 Nh5 12. Be3 Ne5 13. Na4 Nd7 14. Qd2 Rb8 15. Ba7 Ra8 16. Be3 Rb8 17. Na5 Nhf6 18. h3 Ne5 19. Bb6 Qe8 20. b3 Bd7 21. Bc7 Bxa4 22. Bxb8 Qxb8 23. bxa4 b6 24. Nc6 Nxc6 25. Bxc6 Rc8 26. Bf3 Rc5 27. Qb2 Qc7 28. e3 Nd7 29. Be2 Qc6 30. f4 Qxa4 31. Bd1 Qc6 32. Qg2 Qc8 33. Rc2 Bf8 34. Qe4 g6 35. Rff2 Nf6 36. Qd3 Nd7 37. Bf3 Rc7 38. Qe4 Nc5 39. Qa8 Qd7 40. Bg2 Rc8 41. Qf3 Nd3 42. Qb7 Qxb7 43. Bxb7 Rc7 44. Rfd2 Nc5 45. Bf3 f5 46. g4 Kf7 47. Rb2 Nd7 48. Be2 Rc5 49. Kg2 Ke7 50. Kf3 Bg7 51. Rb1 Ra5 52. gxf5 Rxf5 53. Rbd1 Ne5+ 54. Kg2 Nf7 55. Rb1 Bc3 56. Rc2 Ba5 57. c5 dxc5 58. Bxa6 Rd5 59. Be2 Nd6 60. Kf3 Rh5 61. Kg2 Rd5 62. Rb3 Rf5 63. Bg4 Rd5 64. Bf3 Rf5 65. Rd3 c4 66. Rd1 c3 67. Rd3 Rc5 68. e4 Nb5 69. Kf2 Na3 70. Rc1 b5 71. Bd1 Rc7 72. Bb3 b4 73. e5 Bb6+ 74. Ke2 Nb5 75. Rcd1 Ra7 76. Bc4 Na3 77. Bxe6 Bc5 78. Bb3 Nb5 79. Rd5 Rc7 80. Ba4 c2 81. Bxb5 cxd1Q+ 82. Rxd1 Ra7 83. Bc4 Ra3 84. Bb3 Ra7 85. Kf3 Rd7 86. Bd5 Ra7 87. Ke4 Rd7 88. Rc1 Rc7 89. Bb3 Bb6 90. Rxc7+ Bxc7 91. Bg8 h6 92. Bb3 Bb6 93. Bc2 Bf2 94. Kf3 Bd4 95. Bxg6 Bc5 1-0

[Event "GER-ch U18"]
[Site "Willingen"]
[Date "2008.05.11"]
[Round "2"]
[White "Koelsch, Maximilian"]
[Black "Poetsch, Hagen"]
[Result "1-0"]
[WhiteElo "2098"]
[BlackElo "2267"]
[PlyCount "71"]
[EventDate "2008.05.11"]
[EventType "swiss"]
[EventRounds "9"]
[EventCountry "GER"]
[SourceTitle "CBM 124 Extra"]
[Source "ChessBase"]
[SourceDate "2008.07.03"]
[SourceVersion "1"]
[SourceVersionDate "2008.07.03"]
[SourceQuality "1"]

1. d4 d5 2. c4 Nc6 3. cxd5 Qxd5 4. e3 e5 5. Nc3 Bb4 6. Bd2 Bxc3 7. bxc3 Qd6 8. f3 Nge7 9. Bd3 0-0 10. Ne2 f5 11. Qc2 Be6 12. 0-0 Rad8 13. Rab1 b6 14. Rfd1 a5 15. Be1 Qa3 16. Rd2 Nd5 17. Bf2 exd4 18. exd4 Qe7 19. Re1 Qg5 20. Ng3 Rd6 21. a3 Nf4 22. Be3 Qh4 23. Bxf4 Qxf4 24. Rde2 Nd8 25. Rxe6 Nxe6 26. Bc4 Kh8 27. Bxe6 Re8 28. Qa2 Qh4 29. Re2 Qf6 30. Bxf5 Red8 31. Re5 Rc6 32. Ne4 Qh6 33. Qf7 Qe3+ 34. Kf1 Qd3+ 35. Kf2 Qc2+ 36. Kg3 1-0